उत्तर प्रदेश में ग्रामीण विकास प्रगति और विषमताएँ / (Record no. 14244)
[ view plain ]
| 000 -LEADER | |
|---|---|
| fixed length control field | 01507nam a22002651a 4500 |
| 005 - DATE AND TIME OF LATEST TRANSACTION | |
| control field | 2008070709489.0 |
| 008 - FIXED-LENGTH DATA ELEMENTS--GENERAL INFORMATION | |
| fixed length control field | 080707t xxu||||| |||| 00| 0 hin d |
| 010 ## - LIBRARY OF CONGRESS CONTROL NUMBER | |
| LC control number | HIN-83751 |
| 020 ## - INTERNATIONAL STANDARD BOOK NUMBER | |
| Terms of availability | 400.00 |
| International Standard Book Number | 9788175258280 |
| 035 ## - SYSTEM CONTROL NUMBER | |
| System control number | HN-56097 |
| 037 ## - SOURCE OF ACQUISITION | |
| Source of stock number/acquisition | DBAD / VEN |
| 040 ## - CATALOGING SOURCE | |
| Original cataloging agency | DPL |
| Language of cataloging | HN |
| 082 ## - DEWEY DECIMAL CLASSIFICATION NUMBER | |
| Classification number | 307.1412095413 |
| 100 ## - MAIN ENTRY--PERSONAL NAME | |
| Personal name | शर्मा, सुरेशचन्द्र |
| 245 ## - TITLE STATEMENT | |
| Title | उत्तर प्रदेश में ग्रामीण विकास प्रगति और विषमताएँ / |
| Statement of responsibility, etc | सुरेशचन्द्र शर्मा |
| 246 ## - VARYING FORM OF TITLE | |
| Title proper/short title | Uttar Pradesh mein grameen vikas pragati aur visamtayen |
| Remainder of title | by Sureshchandra Sharma |
| 260 ## - PUBLICATION, DISTRIBUTION, ETC. (IMPRINT) | |
| Place of publication, distribution, etc | एटा |
| Name of publisher, distributor, etc | स्वत्वाधिकारी |
| Date of publication, distribution, etc | 2007 |
| 270 ## - ADDRESS | |
| Address | 71- अरूणानगर |
| City | एटा (उ.प्र.) |
| Postal code | 207001 |
| Telephone number | 05742- 231347 |
| 270 ## - ADDRESS | |
| Address | गांधी रोड |
| City | खुर्जा (उ.प्र.) |
| Postal code | 203131 |
| Telephone number | 05738- 248209 |
| 300 ## - PHYSICAL DESCRIPTION | |
| Extent | 497पृ |
| Dimensions | 22सेमी(सजिल्द) |
| Other physical details | सचित्र |
| 650 ## - SUBJECT ADDED ENTRY--TOPICAL TERM | |
| Topical term or geographic name as entry element | Rural Development |
| Geographic subdivision | Uttar Pradesh |
| 942 ## - ADDED ENTRY ELEMENTS (KOHA) | |
| Source of classification or shelving scheme | Dewey Decimal Classification |
| Koha item type | Hindi Books |
| Classification part | 307.1412095413 |
| Call number suffix | शर्मासु |
| Withdrawn status | Lost status | Damaged status | Not for loan | Collection code | Home library | Current library | Date acquired | Source of acquisition | Cost, normal purchase price | Total Checkouts | Full call number | Barcode | Date last seen | Cost, replacement price | Price effective from | Koha item type |
|---|---|---|---|---|---|---|---|---|---|---|---|---|---|---|---|---|
| Not For Loan | Non-fiction | D.B.Act.Division | D.B.Act.Division | 07/07/2008 | पु.प्र.अ.प्र /प्रका | 400.00 | 307.1412095413 शर्मासु | HN-56097 | 15/09/2008 | 400.00 | 15/09/2008 | Hindi Books |
